Diakonie als ökonomisches Unternehmen
| Main Author: | |
|---|---|
| Format: | Print Book |
| Language: | German |
| Subito Delivery Service: | Order now. |
| Check availability: | HBZ Gateway |
| WorldCat: | WorldCat |
| Interlibrary Loan: | Interlibrary Loan for the Fachinformationsdienste (Specialized Information Services in Germany) |
| Published: |
Bielefeld-Bethel
v. Bodelschwinghsche Anst.
1984
|
| In: |
Bethel (28)
Year: 1984 |
| Series/Journal: | Bethel
28 |
| Standardized Subjects / Keyword chains: | B
Diaconia
/ Enterprise
/ Corporate philosophy
|
| Further subjects: | B
Nonprofit organizations
Management
B Leadership B Charities (Germany) Management B Diaconia B Church Charities Management B Faith-based human services Management B Diakonische Anstalt++Evangelische Kirche B Gemeinnützige Einrichtung |
MARC
| LEADER | 00000cam a2200000 c 4500 | ||
|---|---|---|---|
| 001 | 1627889108 | ||
| 003 | DE-627 | ||
| 005 | 20251225203539.0 | ||
| 007 | tu | ||
| 008 | 870825s1984 gw ||||| 00| ||ger c | ||
| 015 | |a 83,N50,0050 |2 dnb | ||
| 015 | |a 85,B02,0163 |2 dnb | ||
| 016 | 7 | |a 850037697 |2 DE-101 | |
| 020 | |a 392246338X |9 3-922463-38-X | ||
| 035 | |a (DE-627)1627889108 | ||
| 035 | |a (DE-576)04174280X | ||
| 035 | |a (DE-599)DNB850037697 | ||
| 035 | |a (OCoLC)74661091 | ||
| 035 | |a (OCoLC)74661091 | ||
| 040 | |a DE-627 |b ger |c DE-627 |e rakwb | ||
| 041 | |a ger | ||
| 044 | |c XA-DE | ||
| 050 | 0 | |a HV530 | |
| 050 | 0 | |a HD62.6 | |
| 050 | 0 | |a BT738.4 | |
| 050 | 0 | |a HV530 | |
| 082 | 0 | |a 361.750943 | |
| 082 | 0 | |a 261.83 | |
| 082 | 0 | |a 361.75 | |
| 082 | 0 | |a 658.048 | |
| 084 | |a 17 |a 12 |2 sdnb | ||
| 084 | |a 1 |2 ssgn | ||
| 084 | |a 0 |2 ssgn | ||
| 084 | |a QX 900 |2 rvk |0 (DE-625)rvk/142209: | ||
| 084 | |a BQ 8300 |2 rvk |0 (DE-625)rvk/15677: | ||
| 084 | |a BQ 8400 |2 rvk |0 (DE-625)rvk/15686: | ||
| 084 | |a BL 6120 |2 rvk |0 (DE-625)rvk/12225: | ||
| 084 | |a MS 6470 |2 rvk |0 (DE-625)rvk/123756: | ||
| 084 | |a 11.79 |2 bkl | ||
| 084 | |a 11.72 |2 bkl | ||
| 084 | |a 85.06 |2 bkl | ||
| 100 | 1 | |0 (DE-588)128544414 |0 (DE-627)37471052X |0 (DE-576)216097290 |4 aut |a Jäger, Alfred |d 1941-2015 | |
| 109 | |a Jäger, Alfred 1941-2015 |a Jäger, Alfred Ernst 1941-2015 | ||
| 245 | 1 | 0 | |a Diakonie als ökonomisches Unternehmen |c Alfred Jäger |
| 264 | 1 | |a Bielefeld-Bethel |b v. Bodelschwinghsche Anst. |c 1984 | |
| 300 | |a 112 S | ||
| 336 | |a Text |b txt |2 rdacontent | ||
| 337 | |a ohne Hilfsmittel zu benutzen |b n |2 rdamedia | ||
| 338 | |a Band |b nc |2 rdacarrier | ||
| 490 | 1 | |a Beiträge aus der Arbeit der v. Bodelschwinghschen Anstalten in Bethel bei Bielefeld |v 28 | |
| 500 | |a Literaturverzeichnis: Seite 109 - 111 | ||
| 583 | 1 | |a Archivierung/Langzeitarchivierung gewährleistet |f SSG |x XA-DE-BW |2 pdager |5 DE-21 | |
| 650 | 0 | |a Faith-based human services |x Management | |
| 650 | 0 | |a Church Charities |x Management | |
| 650 | 0 | |a Nonprofit organizations |x Management | |
| 650 | 0 | |a Charities |z Germany |x Management | |
| 650 | 4 | |a Diakonie | |
| 650 | 4 | |a Gemeinnützige Einrichtung | |
| 650 | 4 | |a Führung | |
| 650 | 4 | |a Diakonische Anstalt++Evangelische Kirche | |
| 689 | 0 | 0 | |d s |0 (DE-588)4012046-6 |0 (DE-627)104509643 |0 (DE-576)208896627 |2 gnd |a Diakonie |
| 689 | 0 | 1 | |d s |0 (DE-588)4061963-1 |0 (DE-627)104665327 |0 (DE-576)209142006 |2 gnd |a Unternehmen |
| 689 | 0 | 2 | |d s |0 (DE-588)4132963-6 |0 (DE-627)105683639 |0 (DE-576)209639970 |2 gnd |a Unternehmensphilosophie |
| 689 | 0 | |5 (DE-627) | |
| 830 | 0 | |a Bethel |v 28 |9 28 |w (DE-627)130174084 |w (DE-576)015718492 |w (DE-600)522028-2 |7 am | |
| 889 | |w (DE-576)9010073599 | ||
| 889 | |w (DE-627)010073590 | ||
| 935 | |a mteo | ||
| 935 | |i mdedup | ||
| 936 | r | v | |a QX 900 |b Wohlfahrtswesen, Sozialeinrichtung. Allgemeines |k Wirtschaftswissenschaften |k Sozialpolitik. Gesundheitswesen. Bildungsökonomie |k Wohlfahrtswesen, Sozialeinrichtung |k Wohlfahrtswesen, Sozialeinrichtung. Allgemeines |0 (DE-627)1271483009 |0 (DE-625)rvk/142209: |0 (DE-576)201483009 |
| 936 | r | v | |a BQ 8300 |b Allgemeines |k Theologie und Religionswissenschaften |k Evangelische Praktische Theologie |k Diakonie |k Diakonische Praxis |k Allgemeines |0 (DE-627)1272624501 |0 (DE-625)rvk/15677: |0 (DE-576)202624501 |
| 936 | r | v | |a BQ 8400 |b Allgemeines |k Theologie und Religionswissenschaften |k Evangelische Praktische Theologie |k Diakonie |k Diakonie in der EKD |k Allgemeines |0 (DE-627)1272624587 |0 (DE-625)rvk/15686: |0 (DE-576)202624587 |
| 936 | r | v | |a BL 6120 |b Wohlfahrtspflege, Fürsorge, Caritas und Diakonie |k Theologie und Religionswissenschaften |k Christliche Gesellschaftslehre |k Staat |k Wohlfahrtspflege, Fürsorge, Caritas und Diakonie |0 (DE-627)1270653415 |0 (DE-625)rvk/12225: |0 (DE-576)200653415 |
| 936 | r | v | |a MS 6470 |b Sozialarbeit; Hilfsorganisation, Rehabilitation, Sozialpädagogik, Resozialisierung, Bewährungshilfe |k Soziologie |k Spezielle Soziologien |k Soziale Probleme |k Sozialarbeit; Hilfsorganisation, Rehabilitation, Sozialpädagogik, Resozialisierung, Bewährungshilfe |0 (DE-627)1270651951 |0 (DE-625)rvk/123756: |0 (DE-576)200651951 |
| 936 | b | k | |a 11.79 |j Praktische Theologie: Sonstiges |0 (DE-627)106404024 |
| 936 | b | k | |a 11.72 |j Kirchliche Soziologie |0 (DE-627)106403834 |
| 936 | b | k | |a 85.06 |j Unternehmensführung |0 (DE-627)106408682 |
| 951 | |a BO | ||
| ELC | |b 1 | ||
| ITA | |a 1 |t 1 | ||
| LOK | |0 000 xxxxxcx a22 zn 4500 | ||
| LOK | |0 001 327194668X | ||
| LOK | |0 003 DE-627 | ||
| LOK | |0 004 1627889108 | ||
| LOK | |0 005 19951005000000 | ||
| LOK | |0 008 941026||||||||||||||||ger||||||| | ||
| LOK | |0 040 |a DE-21 |c DE-627 |d DE-21 | ||
| LOK | |0 852 |a DE-21 | ||
| LOK | |0 852 1 |c 5 E 7965 |9 00 | ||
| LOK | |0 935 |a kram |a konv | ||
| LOK | |0 939 |a 26-10-94 |b l01 | ||
| ORI | |a SA-MARC-ixtheoa001.raw | ||
| REL | |a 1 | ||
| STA | 0 | 0 | |a Corporate philosophy,Diaconia,Charitable service,Innere Mission,Charity,Charitable service,Enterprise,Business concern,Firm,Concern,Business enterprises,Leadership |
| STB | 0 | 0 | |a Diaconie,Direction,Leadership,Leadership,Entreprise,Philosophie d'entreprise |
| STC | 0 | 0 | |a Diaconia,Empresa,Filosofía empresarial,Liderazgo |
| STD | 0 | 0 | |a Diaconia,Diakonie,Diakonie,Filosofia aziendale,Impresa,Azienda,Azienda,Leadership |
| STE | 0 | 0 | |a 企业,企业哲学,教会慈惠服务,教会服务,教会慈善服务,领导 |
| STF | 0 | 0 | |a 企業,企業哲學,教會慈惠服務,教會服務,教會慈善服務,領導 |
| STG | 0 | 0 | |a Diaconia,Empresa,Filosofia empresarial,Liderança |
| STH | 0 | 0 | |a Диакония,Предприятие,Руководство,Командирование,Философия предприятия |
| STI | 0 | 0 | |a Διακονία,Διακονικό έργο,Επιχείρηση,Επιχειρηματική φιλοσοφία,Εταιρική φιλοσοφία,Ηγεσία |
| SUB | |a REL | ||
| SYE | 0 | 0 | |a Diakonisches Werk im Kirchenbezirk Großenhain,Von-Bodelschwinghsche Anstalten,Zweiganstalten,Von-Bodelschwinghsche Anstalten,Freistatt,Diakonie Freistatt , Evangelische Sozialarbeit , Führen,Führerschaft,Personalführung,Mitarbeiterführung,Menschenführung,Führungsverhalten |
| SYG | 0 | 0 | |a Diakonisches Werk im Kirchenbezirk Großenhain,Von-Bodelschwinghsche Anstalten,Zweiganstalten,Von-Bodelschwinghsche Anstalten,Freistatt,Diakonie Freistatt , Evangelische Sozialarbeit , Wirtschaft - Unternehmen,Betriebswirtschaft,Unternehmung,Wirtschaftsunternehmen , Unternehmen |



